Scenes from school life (Record no. 1212560)

MARC details
000 -LEADER
fixed length control field 00513nam a2200193Ia 4500
008 - FIXED-LENGTH DATA ELEMENTS--GENERAL INFORMATION
fixed length control field 151121s9999||||xx |||||||||||||| ||und||
082 ## - DEWEY DECIMAL CLASSIFICATION NUMBER
Classification number 824/GAR
082 ## - DEWEY DECIMAL CLASSIFICATION NUMBER
Item number HNW-4213
100 ## - MAIN ENTRY--PERSONAL NAME
Personal name Garrett Garrett - com।
245 ## - TITLE STATEMENT
Title Scenes from school life
260 ## - PUBLICATION, DISTRIBUTION, ETC. (IMPRINT)
Name of publisher, distributor, etc "G। Bell & Sons, London।"
260 ## - PUBLICATION, DISTRIBUTION, ETC. (IMPRINT)
Date of publication, distribution, etc 1941
300 ## - PHYSICAL DESCRIPTION
Extent 248
600 ## - SUBJECT ADDED ENTRY--PERSONAL NAME
Personal name Garrett Garrett - com।
630 ## - SUBJECT ADDED ENTRY--UNIFORM TITLE
Uniform title Scenes from school life
700 ## - ADDED ENTRY--PERSONAL NAME
Personal name Garrett Garrett - com।
730 ## - ADDED ENTRY--UNIFORM TITLE
Uniform title Scenes from school life
942 ## - ADDED ENTRY ELEMENTS (KOHA)
Koha item type Book
Holdings
Withdrawn status Lost status Damaged status Not for loan Home library Current library Date acquired Cost, normal purchase price Total Checkouts Full call number Barcode Date last seen Cost, replacement price Price effective from Koha item type
        Hirachand Nemchand Wachanalaya, Solapur Hirachand Nemchand Wachanalaya, Solapur 11/21/2015 248.00   HNW-4213 HNW-4213 11/21/2015 248.00 11/21/2015 Book